000 00592 a2200217 4500
001 63412
005 20260407155932.0
008 260407a1951 arg spa d
003 AR-UNSa-BCEJYS
040 _aAR-UNSa-BCEJYS
_bspa
_cAR-UNSa-BCEJYS
080 _a517.2/3
_xCálculo diferencial e integral
245 1 0 _aMatemáticas para actuarios
264 1 _aMadrid :
_bAguilar
_c1951
300 _axv, 624 p.
_c22 cm.
041 _aspa
942 _cBK
590 _aniveau_biblio:m niveau_hierar:0
100 1 _aFreeman, Harry
700 1 _aCansado, Enrique
700 1 _aBravo Gala, Luis
999 _c8168
_d8168